Historia de la filosofía / (Record no. 142210)
[ view plain ]
| 000 -LEADER | |
|---|---|
| campo de control de longitud fija | 00925nam a2200205 i 4500 |
| 001 - NÚMERO DE CONTROL | |
| campo de control | 142210 |
| 003 - IDENTIFICADOR DE NÚMERO DE CONTROL | |
| campo de control | ES-MaACL |
| 005 - FECHA Y HORA DE LA ÚLTIMA TRANSACCIÓN | |
| campo de control | 20230906200453.0 |
| 007 - CAMPO FIJO DE DESCRIPCIÓN FÍSICA--INFORMACIÓN GENERAL | |
| campo de control de longitud fija | t| |
| 008 - DATOS DE LONGITUD FIJA--INFORMACIÓN GENERAL | |
| campo de control de longitud fija | 071003m19431948ag ||||1| spa d |
| 100 1# - ENTRADA PRINCIPAL--NOMBRE DE PERSONA | |
| Nombre de persona | Windelband, Wilhelm. |
| 9 (RLIN) | 117063 |
| 245 10 - MENCIÓN DEL TÍTULO | |
| Título | Historia de la filosofía / |
| Mención de responsabilidad, etc. | Wilhelm Windelband ; versión española e índices analíticos por Francisco Larroyo. |
| 250 ## - MENCION DE EDICION | |
| Mención de edición | 2ª ed. |
| 260 ## - PUBLICACIÓN, DISTRIBUCIÓN, ETC. | |
| Lugar de publicación, distribución, etc. | Argentina : |
| Nombre del editor, distribuidor, etc. | Librería Robredo, |
| Fecha de publicación, distribución, etc. | 1943-1948. |
| 300 ## - DESCRIPCIÓN FÍSICA | |
| Extensión | 7 v. ; |
| Dimensiones | 24 cm. |
| 505 8# - NOTA DE CONTENIDO CON FORMATO | |
| Nota de contenido con formato | Contiene: V. 1. La filosofía de los griegos -- v. 2. La filosofía helenístico-romana -- v. 3. La filosofía de la Edad Media -- v. 4. La filosofía del Renacimiento -- v. 5. La filosofía del iluminismo -- v. 6. El idealismo alemán -- v. 7-8. La filosofía en los siglos XIX y XX |
| 650 #4 - PUNTO DE ACCESO ADICIONAL DE MATERIA--TÉRMINO DE MATERIA | |
| Término de materia o nombre geográfico como elemento de entrada | Filosofía- |
| Subdivisión de forma | Historia. |
| 9 (RLIN) | 158248 |
| 700 1# - ENTRADA AGREGADA--NOMBRE PERSONAL | |
| Nombre de persona | Larroyo, Francisco. |
| 9 (RLIN) | 70364 |
| 852 ## - LOCALIZACIÓN | |
| Ubicación | ES-MaACL |
| Número de control de estantería | D-7201-07 |
| Sublocalización o colección | R.26702 |
| Estatus retirado | Estado de pérdida | Estado de daño | No para préstamo | Biblioteca de origen | Biblioteca actual | Ubicación en estantería | Fecha de adquisición | Fuente de adquisición | Total de préstamos | Signatura topográfica completa | Código de barras | Visto por última vez | Precio de reemplazo | Tipo de ítem Koha |
|---|---|---|---|---|---|---|---|---|---|---|---|---|---|---|
| Biblioteca del Ateneo de Madrid | Biblioteca del Ateneo de Madrid | Sala Valle Inclán | 17/01/2008 | D-7201-07 | 901147968 | 23/02/2023 | 23/02/2023 | Libro impreso |
